Real housewives that have participated on other reality shows - Statistics

General Stats
  • This quiz has been taken 12 times
  • The average score is 22 of 64
Answer Stats
Reality show City Housewive % Correct
Beverly Hills Lisa Rinna
100%
The Apprentice Beverly Hills Lisa Rinna
100%
Dancing with the stars Beverly Hills Lisa Rinna
100%
Rupaul's Drag Race Beverly Hills Lisa Rinna
100%
New York Dorinda Medley
71%
Atlanta Porsha Williams
71%
Atlanta Porsha Williams
71%
The traitors Beverly Hills Brandi Glanville
57%
Beverly Hills Brandi Glanville
57%
Celebrity Big Brother Beverly Hills Brandi Glanville
57%
Beverly Hills Brandi Glanville
57%
Dubai Chanel Ayan
57%
New Jersey Dolores Catania
57%
Salt Lake City Lisa Barlow
57%
Beverly Hills Lisa Vanderpump
57%
Atlanta Phaedra Parks
57%
Atlanta Phaedra Parks
57%
Atlanta Phaedra Parks
57%
Orange County Tamra Judge
57%
New Jersey Teresa Guidice
57%
New Jersey Teresa Guidice
57%
Special forces: World's toughest test New Jersey Teresa Guidice
57%
New Jersey Teresa Guidice
57%
Dubai Caroline Stanbury
43%
Beverly Hills Kim Richards
43%
Stars in danger: The High Dive Beverly Hills Kim Richards
43%
Beverly Hills Kyle Richards
43%
Atlanta Nene Leakes
43%
Atlanta Nene Leakes
43%
Beverly Hills Teddi Mellencamp
43%
New York Bethenny Frankel
29%
Beverly Hills Erika Jayne
29%
Beverly Hills Erika Jayne
29%
Miami Larsa Pippen
29%
Miami Larsa Pippen
29%
Atlanta Sheree Whitfield
29%
Worst cooks in America New York Sonja Morgan
29%
Orange County Alexis Bellino
14%
Beverly Hills Camille Grammer
14%
Potomac Candiace Dillard
14%
Atlanta Cynthia Bailey
14%
Atlanta Cynthia Bailey
14%
Beverly Hills Denise Richards
14%
Beverly Hills Denise Richards
14%
America's Next Top Model Atlanta Eva Marcille
14%
Atlanta Eva Marcille
14%
Miami Joanna Krupa
14%
Atlanta Kenya Moore
14%
Atlanta Kenya Moore
14%
Atlanta Kenya Moore
14%
Atlanta Kenya Moore
14%
New York Luann de Lesseps
14%
New Jersey Amber Marchese
0%
New York Aviva Drescher
0%
Atlanta Claudia Jordan
0%
House of villains New Jersey Danielle Staub
0%
Marriage Bootcamp Orange County Gretchen Rossi
0%
The GOAT New York Jill Zarin
0%
Atlanta Kandi Burruss
0%
The Masked Singer Atlanta Kandi Burruss
0%
Atlanta Kim Zolciak
0%
Got to get out Atlanta Kim Zolciak
0%
Salt Lake City Monica Garcia
0%
Potomac Robyn Dixon
0%
No matching quizzes found
Score Distribution
Percent of People with Each Score
Percentile by Number Answered
Your Score History
You have not taken this quiz